Villes de la Décapole alsacienne - Statistiques

Statistiques générales
  • Ce quiz a été pris 15 fois
  • Le résultat moyen est 4 sur 12
Statistiques - réponses
Par images Hint Réponse % Correct
Colmar
100%
La quitte pour s’allier à la Confédération suisse en 1515. Mulhouse
92%
Haguenau
54%
Wissembourg
38%
Obernai
31%
Sélestat
31%
Kayserberg
8%
Munster
8%
Rosheim
8%
Aujourd’hui en Allemagne, elle remplace la précédente à partir de 1521. Landau
0%
Membre de 1358 à 1418. Seltz
0%
Turckheim
0%
Aucun quiz correspondant
Distribution des résultats
% des personnes avec chaque résultat
Percentile par nombre de réponses
Votre historique - résultats
Vous n’avez pas pris ce quiz